| 000 | 00851nam a2200205Ia 4500 | ||
|---|---|---|---|
| 003 | GCL | ||
| 008 | 140319s9999 xx 000 0 ara d | ||
| 020 | _a2275314977 | ||
| 040 |
_aGCL / _cGCL |
||
| 082 | 0 | 4 |
_a720.96551 _bع م |
| 100 | 1 | _aعبدالعزيز محمود لعرج | |
| 245 | 1 | 0 |
_aمدينة المنصورة المرينية بتلمسان : _bدراسة تاريخية اثرية فى عمرانها وعمارتها وفنونها / _cعبدالعزيز محمود لعرج |
| 250 | _aالاولى | ||
| 260 |
_aالقاهرة : _bزهراء الشرق ، _c2006 |
||
| 300 |
_a289 ص ؛ _c24 سم |
||
| 650 | 0 | 4 | _aالعمارة الاسلامية - الجزائر |
| 650 | 0 | 4 | _aالمنصورة - الاثار الاسلامية ( الجزائر ) |
| 650 | 0 | 4 | _aالعمارة الاسلامية - تلمسان |
| 942 |
_2ddc _cBK |
||
| 999 |
_c9655 _d9655 |
||